[Event "Ambalangoda Dhamso op 6th"]
[Site "Ambalangoda"]
[Date "2016.04.30"]
[Round "3"]
[White "Jayawardana, KGMSK"]
[Black "Padmasiri, RS."]
[Result "1/2-1/2"]
[WhiteElo "1329"]
[BlackElo "1723"]
[PlyCount "58"]
[EventDate "2016.04.29"]
[EventType "swiss"]
[EventRounds "9"]
[EventCountry "SRI"]
[SourceTitle "EXT 2017"]
[Source "ChessBase"]
[SourceDate "2016.10.25"]
[SourceVersion "1"]
[SourceVersionDate "2016.10.25"]
[SourceQuality "1"]

1. d4 d5 2. Nf3 Nf6 3. g3 Bf5 4. Bg2 e6 5. 0-0 c6 6. Nbd2 Be7 7. Nh4 Bg6 8. Nxg6 hxg6 9. c4 Nbd7 10. cxd5 exd5 11. Nf3 Ne4 12. Bf4 Bd6 13. Bxd6 Nxd6 14. b4 a6 15. e3 Qe7 16. Rb1 Ne4 17. Qd3 Ng5 18. Nxg5 Qxg5 19. e4 0-0 20. f4 dxe4 21. Qxe4 Qf5 22. Qxf5 gxf5 23. d5 cxd5 24. Bxd5 Rab8 25. Rbc1 Nf6 26. Bb3 Ne4 27. Rfd1 Rfd8 28. Rxd8+ Rxd8 29. Rc7 Nd6 1/2-1/2